000 00701 a2200205 4500
020 _c395.00
035 _aB-90365
037 _bRP-L-12 / PANSY-05-06:6 / RP-05-06:ENG
082 1 4 _a576
090 _c2658
_d2658
100 1 _aAnanthanarayan, R.
245 1 _aAnanthanarayan and Pauiker's text book of microbiology
_cby R. Ananthanarayan, C.K. Jayaram Pauiker;edited by C.K. Jayaram Pauiker
250 _a7th ed
260 _aChennai
_bOrient Longman
_c2005
300 _a656 p
_bill
_c24 cm (pbk)
700 _aPauiker, C.K. Jayaram
700 _aPauiker, C.K. Jayaram
942 _adpl
_cEN
_k576 / ANA
999 _c2614
_d2614